<?xml version="1.0" encoding="UTF-8"?>
<collection xmlns:xsi="http://www.w3.org/2001/XMLSchema-instance" xsi:schemaLocation="http://www.loc.gov/MARC21/slim http://www.loc.gov/standards/marcxml/schema/MARC21slim.xsd" xmlns="http://www.loc.gov/MARC21/slim">
 <record>
  <leader>00000ctm a22000003a 4500</leader>
  <controlfield tag="001">UP-99796217611508179</controlfield>
  <controlfield tag="003">Buklod</controlfield>
  <controlfield tag="005">20230215105418.0</controlfield>
  <controlfield tag="006">m    |o  d |      </controlfield>
  <controlfield tag="007">ta</controlfield>
  <controlfield tag="008">150209s        xx     d     r    |||| u|</controlfield>
  <datafield tag="035" ind1=" " ind2=" ">
   <subfield code="a">(iLib)UPD-00239907063</subfield>
  </datafield>
  <datafield tag="040" ind1=" " ind2=" ">
   <subfield code="a">DENGII</subfield>
  </datafield>
  <datafield tag="041" ind1=" " ind2=" ">
   <subfield code="a">eng</subfield>
  </datafield>
  <datafield tag="090" ind1=" " ind2=" ">
   <subfield code="a">LG 993.5 2003 C65</subfield>
   <subfield code="b">C67</subfield>
  </datafield>
  <datafield tag="100" ind1="1" ind2=" ">
   <subfield code="a">Costales, Jennifer I.</subfield>
  </datafield>
  <datafield tag="245" ind1="1" ind2="0">
   <subfield code="a">Power mobile academic planner</subfield>
   <subfield code="c">Jennifer I. Costales, Jessie Rose C. Lapuz, Edward R. Vinluan.</subfield>
  </datafield>
  <datafield tag="264" ind1=" " ind2="1">
   <subfield code="a">2003.</subfield>
  </datafield>
  <datafield tag="300" ind1=" " ind2=" ">
   <subfield code="a">viii, 44 leaves</subfield>
   <subfield code="b">ill. +</subfield>
   <subfield code="e">1 CD-ROM (4 3/4 in.)</subfield>
  </datafield>
  <datafield tag="502" ind1=" " ind2=" ">
   <subfield code="a">Thesis (B.S. Computer Science)--University of the Philippines, Diliman.</subfield>
  </datafield>
  <datafield tag="520" ind1="3" ind2=" ">
   <subfield code="a">Nowadays, the need for an efficient scheduling mechanism is essential especially for people involved in various activities. In accordance with this, a scheduler that is fast, easy-to-use and convenient is vital. There are many facilities available in the market for managing schedule. However, these systems have major drawbacks such as limited capabilities, cost issues and incapability to operate in real time. With the advancement of the wireless era, a scheduler that is limited within the confines of a desktop computer is not enough. As the prevalence of communication devices and mobile computing grows, the problem of interoperability also arises. In order to cope with the problem of scheduling and interoperability in mobile devices, PowerMAP was developed. PowerMAP is a mobile academic planner connected to the Easy.NET web server thereby allowing users to send email, post and get deadlines, quizzes, calendar events, and update schedules. Users are notified about their events through alerts sent as text messages or email. PowerMAP was built using J2ME technology, the same technology that provides Java solutions to mobile devices. Aside from that, this application uses SyncML as its synchronization protocol. With SyncML, events and schedules will be consistent, accessible and up to date, no matter where the information is stored, no matter which mobile device is being used. A compact and user-friendly applciation with the combined reliability of Java and the interoperability of SyncML, PowerMAP gives the users a mechanism to organize their schedules anytime, anywhere.</subfield>
  </datafield>
  <datafield tag="650" ind1=" " ind2="0">
   <subfield code="a">Personal communication service systems.</subfield>
  </datafield>
  <datafield tag="650" ind1=" " ind2="0">
   <subfield code="a">Mobile computing</subfield>
   <subfield code="x">Programming.</subfield>
  </datafield>
  <datafield tag="650" ind1=" " ind2="0">
   <subfield code="a">Time management</subfield>
   <subfield code="x">Computer programs.</subfield>
  </datafield>
  <datafield tag="653" ind1=" " ind2=" ">
   <subfield code="a">PowerMAP.</subfield>
  </datafield>
  <datafield tag="700" ind1="1" ind2=" ">
   <subfield code="a">Lapuz, Jessie Rose C.</subfield>
  </datafield>
  <datafield tag="700" ind1="1" ind2=" ">
   <subfield code="a">Vinluan, Edward R.</subfield>
  </datafield>
  <datafield tag="842" ind1=" " ind2=" ">
   <subfield code="a">Thesis</subfield>
  </datafield>
  <datafield tag="905" ind1=" " ind2=" ">
   <subfield code="a">FI</subfield>
  </datafield>
  <datafield tag="905" ind1=" " ind2=" ">
   <subfield code="a">UP</subfield>
  </datafield>
  <datafield tag="852" ind1="0" ind2=" ">
   <subfield code="a">UPD</subfield>
   <subfield code="b">DENG-II</subfield>
   <subfield code="h">LG 993.5 2003 C65</subfield>
   <subfield code="i">C67</subfield>
  </datafield>
  <datafield tag="942" ind1=" " ind2=" ">
   <subfield code="a">Thesis</subfield>
  </datafield>
 </record>
</collection>
